Discurso conmemorativo cincuentenario U.C.V.

Guardat en:
Dades bibliogràfiques
Autor principal: Pascal García-Huidobro, Enrique (autor)
Format: Llibre
Idioma:espanyol
Publicat: Valparaíso, Chile Ediciones Universidad Católica de Valparaíso 1978.
Matèries:
Etiquetes: Afegir etiqueta
Sense etiquetes, Sigues el primer a etiquetar aquest registre!

MARC

LEADER 00000nam a2200000 a 4500
001 UCR4188
003 CL-VaPUC
005 20240724112521.0
008 980307e19780320CL |||||||||||||||||spa|d
999 |c 267139  |d 267137 
040 |c Pontificia Universidad Católica de Valparaíso 
082 0 4 |a 378.4 PAS 1978  |2 21 
100 |a Pascal García-Huidobro, Enrique  |e autor  |9 307845 
245 1 0 |a Discurso conmemorativo cincuentenario U.C.V. 
260 0 3 |a Valparaíso, Chile  |b Ediciones Universidad Católica de Valparaíso  |c 1978. 
300 |a 41 páginas. 
500 |a c.7 Donación Familia Prof. Alejandro Guzmán Brito. Donación del padre Enrique Pascal García Huidobro 
583 |a last modification  |c 20170825 04:20:01  |k Rodrigo Vera 
600 0 |a Iglesia católica  |9 255129 
600 0 |a Universidad Católica de Valparaíso  |9 267924 
650 0 |a Universidades católicas   |9 309230 
650 0 |a Educación superior   |9 223851 
942 |c BK  |2 ddc  |n 0 
945 |d 19980307 00:00:00  |a cmena 
952 |0 0  |1 0  |2 ddc  |4 0  |6 378_400000000000000_PAS_1978  |7 1  |8 C_LRYV  |9 299329  |a BIBDER  |b BIBDER  |d 2019-11-20  |i 1958496  |o 378.4 PAS 1978  |p 1958496  |r 2023-01-25  |t 6  |w 2019-11-20  |y BK_X  |k BRV 
952 |0 0  |1 0  |2 ddc  |4 0  |6 378_400000000000000_PAS_1978  |7 0  |8 X  |9 299330  |a FDOBUD  |b FDOBUD  |d 2019-11-20  |i 1041010  |o 378.4 PAS 1978  |p 1041010  |r 2019-11-20  |t 1  |w 2019-11-20  |y BK_X  |k FHP 
952 |0 0  |1 0  |2 ddc  |4 0  |6 378_400000000000000_PAS_1978  |7 0  |8 X  |9 299331  |a FDOBUD  |b FDOBUD  |d 2019-11-20  |i 1059637  |o 378.4 PAS 1978  |p 1059637  |r 2019-11-20  |t 2  |w 2019-11-20  |y BK_X  |k FHP 
952 |0 0  |1 0  |2 ddc  |4 0  |6 378_400000000000000_PAS_1978  |7 0  |8 X  |9 299332  |a FDOBUD  |b FDOBUD  |d 2019-11-20  |i 1064916  |o 378.4 PAS 1978  |p 1064916  |r 2019-11-20  |t 3  |w 2019-11-20  |y BK_X  |k FHP 
952 |0 0  |1 0  |2 ddc  |4 0  |6 378_400000000000000_PAS_1978  |7 0  |8 X  |9 299333  |a FDOBUD  |b FDOBUD  |d 2019-11-20  |i 1064924  |o 378.4 PAS 1978  |p 1064924  |r 2019-11-20  |t 4  |w 2019-11-20  |y BK_X  |k FHP 
952 |0 0  |1 0  |2 ddc  |4 0  |6 378_400000000000000_PAS_1978  |7 0  |8 X  |9 299334  |a FDOBUD  |b FDOBUD  |d 2019-11-20  |i 1064932  |o 378.4 PAS 1978  |p 1064932  |r 2019-11-20  |t 5  |w 2019-11-20  |y BK_X  |k FHP 
952 |0 0  |1 0  |2 ddc  |4 0  |5 3  |6 378_400000000000000_PAS_1978  |7 0  |8 C_AGB  |9 580525  |a BIBDER  |b BIBDER  |d 2022-01-13  |e Donación   |i 5638437   |o 378.4 PAS 1978  |p 5638437  |r 2023-01-25  |t 7  |w 2022-01-13  |y BK_US  |k AGB